| 000 | 00450pab a2200169 454500 | ||
|---|---|---|---|
| 008 | 180718b2013 xxu||||| |||| 00| 0 eng d | ||
| 100 | _aRao, B. Mohan | ||
| 245 | _aAn overview of the judicial decisions on 'last seen together' | ||
| 260 | _c2013 | ||
| 300 | _ap.151-161. | ||
| 362 | _aJan-Jun | ||
| 650 | _aJudiciary | ||
| 650 | _aCriminals | ||
| 773 | _aJournal of Constitutional and Parliamentary Studies | ||
| 908 | _aN | ||
| 909 | _a105760 | ||
| 999 |
_c105755 _d105755 |
||